Statistiques concernant Villes du Monde en A (Difficile)

Cliquez ici pour prendre le quiz!

Statistiques générales

  • Ce quiz a été pris 172 fois
    (166 depuis la dernière actualisation)
  • Le résultat moyen est 6 sur 20

Statistiques - réponses

HintRéponse% Correct
Station de ski française hôte des Jeux Olympiques d'Hiver 1992Albertville
80%
Grande ville égyptienne située sur les bords du Nil, connue pour son barrageAssouan
57%
Grande ville de l'Alaska, près du Mont DenaliAnchorage
55%
Ville principale du Nouveau-MexiqueAlbuquerque
53%
Capitale d'Amérique située non loin du ParanaAsuncion
52%
Grande ville espagnole, située au sud de la Communauté de ValenceAlicante
48%
Nom allemand pour la capitale du royaume de CharlemagneAachen
41%
Grande ville danoise, située à la pointe de la péninsule du JutlandAalborg
40%
Grande ville de l'Etat de New York, de l'autre côté, près du CanadaAlbany
35%
Sous-préfecture de la SommeAbbeville
33%
Ville à consonnance arabe, mais qui se situe pourtant en IndeAhmedabad
26%
Capitale de l'Etat américain du MaineAugusta
26%
Grande ville péruvienne, proche de la frontière chilienneArequipa
23%
Ville du sud de la Turquie, située toute proche de la Syrie, connue pour ses kebabsAdana
16%
Grande ville russe, capitale d'un oblast du même nom, bordant la Mer CaspienneAstrakhan
16%
Ville-capitale de la préfecture la plus au nord de l'île de HonshuAomori
11%
Ville mexicaine du centre du pays portant le même nom que la petite région qui l'entoureAguascalientes
9%
Deuxième plus grande ville d'Islande, derrière ReykjavikAkureyri
9%
Ville pakistanaise dans laquelle a été menée le raid contre Ben LadenAbbottabad
7%
Deuxième plus grande ville du Costa RicaAlajuela
6%

Distribution des résultats

Percentile par nombre de réponses

% des personnes avec chaque résultat

Votre développement - résultats

Vous n’avez pas pris ce quiz depuis la dernière actualisation